Cartilla técnica para una producción más limpia en el subsector (Registro nro. 3682)
[ vista simple ]
| 000 -CABECERA | |
|---|---|
| Campo de control | 00694nam a2200193 a 4500 |
| 005 - FECHA Y HORA DE LA ULTIMA TRANSACCION | |
| Campo de control | 20160308082610.0 |
| 008 - ELEMENTOS DE LONGITUD FIJA—INFORMACION GENERAL | |
| Campo de control | 140312b2003 ck d fr|||| 00| 0 spa d |
| 040 ## - FUENTE DE CATALOGACIÓN | |
| Agencia catalogadora original | CO-BoIAVH |
| Agencia transcriptora | CO-BoIAVH |
| 041 0# - IDIOMA | |
| Código de idioma para texto/pista de sonido o título separado | Español |
| 044 ## - PAÍS DE PUBLICACIÓN | |
| País de publicación | Colombia |
| 082 04 - NUMERO DE CLASIFICACION DECIMAL DEWEY | |
| Número de clasificación | 664.939 |
| Número del ítem | C32t |
| 245 00 - MENCION DE TITULO | |
| Título | Cartilla técnica para una producción más limpia en el subsector |
| Parte restante del título | avícola |
| 260 ## - PUBLICACION, DISTRIBUCION, ETC. (PIE DE IMPRENTA) | |
| Lugar de publicación, distribución, etc. | Medellín : |
| Nombre del editor, distribuidor, etc. | CORANTIOQUIA : |
| -- | FENAVI : |
| -- | CORNARE, |
| Fecha de publicación, distribución, etc. | 2003. |
| 300 ## - DESCRIPCION FISICA | |
| Extensión | 59 páginas : |
| Otros detalles físicos | tablas y gráficas ; |
| Dimensiones | 27 x 21 centímetros |
| 650 #6 - ASIENTO SECUNDARIO DE MATERIA - TERMINO TEMATICO | |
| Término temático o nombre geográfico como elemento de entrada | Cría de aves de corral |
| Subdivisión general | Manuales, guías, etc. |
| Subdivisión geográfica | Colombia |
| 9 (RLIN) | 63764 |
| 650 #4 - ASIENTO SECUNDARIO DE MATERIA - TERMINO TEMATICO | |
| Término temático o nombre geográfico como elemento de entrada | Producción avícola |
| Subdivisión general | Manuales, guías, etc. |
| Subdivisión geográfica | Colombia |
| 9 (RLIN) | 63765 |
| 942 ## - ELEMENTOS ADICIONALES (KOHA) | |
| Tipo de ítem | Libro |
| Sistema de clasificación | Dewey Decimal Classification |
| 945 ## - PROCESAMIENTO LOCAL | |
| AAAA-MM-DD - Fecha de ingreso o modificacion | 2004-02-03 |
| Withdrawn status | Lost status | Sistema de Clasificación | Damaged status | No para préstamo | Colección | Inventariado | Ubicación Permanente | Ubicación actual | Fecha de adquisición | Fuente de Valor | Valor | Total Checkouts | Número topográfico | Inventario / Código de Barras | Date last seen | Ejemplar | Price effective from | Forma de adquisición | Tipo de material |
|---|---|---|---|---|---|---|---|---|---|---|---|---|---|---|---|---|---|---|---|
| Dewey Decimal Classification | General | Inventariado 2017 | Bogotá | Bogotá | 03/02/2004 | Instituto | 15000.00 | LB-664.939 C32t | 015420 | 04/12/2012 | Ej. 1 | 04/12/2012 | Libro |